[Event "GER-chT U14 Girls"]
[Site "Duesseldorf"]
[Date "2016.12.29"]
[Round "5.4"]
[White "Drees, Kim"]
[Black "Wolterink, Insa"]
[Result "0-1"]
[WhiteElo "1016"]
[BlackElo "1023"]
[PlyCount "100"]
[EventDate "2016.12.27"]
[EventType "team-swiss"]
[EventRounds "7"]
[EventCountry "GER"]
[SourceTitle "EXT 2018"]
[Source "ChessBase"]
[SourceDate "2017.10.13"]
[SourceVersion "1"]
[SourceVersionDate "2017.10.13"]
[SourceQuality "1"]
[WhiteTeam "Hemer"]
[BlackTeam "Nordhorn Blanke U14 Girls"]
[WhiteTeamCountry "GER"]
[BlackTeamCountry "GER"]

1. e4 e6 2. d4 d5 3. exd5 exd5 4. Bd3 Bd6 5. Ne2 Nf6 6. Bf4 Nc6 7. c3 Qe7 8. Bg3 0-0 9. Nd2 Bd7 10. Qc2 Rfe8 11. Nf3 h6 12. 0-0-0 a6 13. Rde1 Qd8 14. Bxd6 cxd6 15. Nf4 Qa5 16. a3 Rac8 17. Rxe8+ Rxe8 18. Re1 Rxe1+ 19. Nxe1 Nxd4 20. Qd1 Ba4 21. Bc2 Nxc2 22. Nxc2 Bxc2 23. Qxc2 Kf8 24. Qb3 Qb5 25. Qxb5 axb5 26. Kc2 Ke7 27. Kd3 g5 28. Ne2 Ng4 29. f4 Nxh2 30. f5 Kf6 31. Kd4 h5 32. Ng3 h4 33. Nh5+ Kxf5 34. Ng7+ Kg4 35. Kxd5 Kg3 36. Nf5+ Kxg2 37. Ne3+ Kf3 38. Kd4 g4 39. Nf5 h3 40. Nh4+ Kf2 41. Ke4 g3 42. Nf5 g2 43. Nxd6 g1Q 44. Nxb5 Qg4+ 45. Kd3 Nf3 46. c4 h2 47. c5 Ne5+ 48. Kc3 Qc4+ 49. Kd2 Qd3+ 50. Kc1 h1R# 0-1

[Event "GER-chT U14 Girls"]
[Site "Duesseldorf"]
[Date "2016.12.27"]
[Round "1.4"]
[White "Paulweber, Lara Maria"]
[Black "Drees, Kim"]
[Result "1-0"]
[WhiteElo "1324"]
[BlackElo "1016"]
[PlyCount "119"]
[EventDate "2016.12.27"]
[EventType "team-swiss"]
[EventRounds "7"]
[EventCountry "GER"]
[SourceTitle "EXT 2018"]
[Source "ChessBase"]
[SourceDate "2017.10.13"]
[SourceVersion "1"]
[SourceVersionDate "2017.10.13"]
[SourceQuality "1"]
[WhiteTeam "Duesseldorf SK"]
[BlackTeam "Hemer"]
[WhiteTeamCountry "GER"]
[BlackTeamCountry "GER"]

1. e4 e5 2. Nf3 Nf6 3. Nxe5 d6 4. Nf3 Nxe4 5. Qe2 Qe7 6. d3 Nf6 7. Qxe7+ Bxe7 8. g3 Nc6 9. Bg2 0-0 10. 0-0 Be6 11. Nc3 Rad8 12. Re1 h6 13. Nb5 Ne8 14. Nfd4 Nxd4 15. Nxd4 c6 16. Nxe6 fxe6 17. Rxe6 Bf6 18. Bf4 Bxb2 19. Rb1 Bf6 20. Rxb7 Rf7 21. Bxc6 Rxb7 22. Bxb7 Kf8 23. Bc6 Be7 24. Bxe8 Kxe8 25. Re4 Rd7 26. Ra4 Rb7 27. Be3 Bd8 28. Rxa7 Rxa7 29. Bxa7 g5 30. Be3 Kf7 31. f4 g4 32. Kg2 h5 33. h3 gxh3+ 34. Kxh3 Kg6 35. g4 hxg4+ 36. Kxg4 d5 37. f5+ Kf7 38. Bg5 Bc7 39. f6 Be5 40. Kf3 Bxf6 41. Bxf6 Kxf6 42. a4 Ke6 43. Ke3 Kd6 44. a5 Kc7 45. a6 Kb8 46. Kd4 Ka7 47. Kxd5 Kxa6 48. Kc6 Ka5 49. d4 Kb4 50. d5 Kc3 51. d6 Kxc2 52. d7 Kc3 53. d8Q Kc4 54. Qd5+ Kc3 55. Kc5 Kc2 56. Qd4 Kc1 57. Qf2 Kd1 58. Kd4 Kc1 59. Kc3 Kb1 60. Qb2# 1-0